Statystyki dla 15 krajów o największej liczbie zgonów Covid19 - 25 sierpnia

Kliknij tutaj aby rozwiązać quiz!

Ogólne statystyki

  • Ten quiz został rozwiązany 20 razy
  • Średni wynik to 9 z 20

Statystyki odpowiedzi

kraj% Poprawnych
Rosja
95%
Stany Zjednoczone
85%
Hiszpania
80%
Indie
80%
Włochy
75%
Brazylia
70%
Francja
70%
Meksyk
55%
Wielka Brytania
55%
Iran
35%
Peru
35%
Holandia
30%
Kolumbia
30%
Republika
Południowej Afryki
30%
Belgia
25%
Szwecja
25%
Boliwia
20%
Chile
20%
Ekwador
20%
Panama
10%

Rozkład punktacji

Percentyl według liczby udzielonych odpowiedzi

Procent ludzi z każdym wynikiem

Twoja historia wyników

Nie rozwiązałeś tego quizu